00353nam a2200121Ia 4500008004000000041000800040082001100048100002200059245008800081250000500169260004400174300001300218210210b1872 xxu||||| |||| 00| 0 eng d aeng a030/24 aCOOPER (Thomson). aMen of the time: dictionary of contemporaries containing biographical notices. Ed.8 a aLondonbGeorge Routledge and Sonsc1872 avii,1008